00592nam a22002057a 450000500170000001000130001702000220003003500130005203700160006504000120008108200110009324500770010426000430018127000410022430000330026565000270029865000270032570000180035270000160037020170124110108.0 aA-707263 c55.00a8123706197 aA-707263 bCen Lib/Ret aDPLbEN aSbITH aIt happened tomorrow /cedited by Bal Phondke; illustrated by Subir Roy  bNational Book Trust c1993aNew Delhi  bNew Delhi aA-5, green park e110016 axvi, 270p. ;c21cm(Hb)bill. aScience fiction, Hindi aScience fiction, Indic aPhondke, Bal  aRoy, Subir